02679cam a22003974i 4500003000900000005001700009008004100026020001500067020001800082035002000100040003300120082001900153100003000172245010200202264009300304300005900397336002100456337002500477338002300502504003800525504003300563505149400596526001002090526001002100526001002110526001002120526000802130526000802138526000802146526000802154526000802162526000802170526000802178630004302186650005202229PE-LiUPU20250731173109.0181213s2017 miua rb 001 0 eng d a0801049997 a9780801049996 a(Sirsi) a251044 aPE-LiUPUbspacPE-LiUPUerda04a226.8bG762231 aGowler, David B.,eautor.14aThe parables after Jesus :btheir imaginative receptions across two millennia /cDavid B. Gowler. 1aGrand Rapids, Michigan :bBaker Academic, a division of Baker Publishing Group,c[2017]. axv, 301 páginas :bilustraciones ;c23 centímetros atext2rdacontent aunmediated2rdamedia avolume2rdacarrier aBibliografía: página 275-288. aÍndice: páginas 289-301.0 aThe afterlives of Jesus' parables in antiquity (to ca. 550 CE): Irenaeus, The gospel of Philip, Clement of Alexandria, Tertullian, Origen, John Chrysostom, Augustine, Macrina the Younger, Ephrem the Syrian, The good shepherd in early Christian art, Illuminations from the Rossano gospels, Byzantine mosaics, Romanos the Melodist -- The afterlives of Jesus' parables in the Middle Ages (ca. 530-1500 CE): Gregory the Great, Sahih al-Bukhari, Wazo of Liège, The golden gospels of Echternach, Theophylact, Hildegard of Bingen, Chartres Cathedral, Bonaventure, Thomas Aquinas, John Gower, Antonia Pulci, Albrecht Dürer -- The afterlives of Jesus' parables in the sixteenth and seventeenth centuries : Martin Luther, Anna Jansz of Rotterdam, John Calvin, John Maldonatus, William Shakespeare, Domenico Fetti, George Herbert, Roger Williams, Rembrandt Harmenszoon van Rijn, John Bunyan -- The afterlives of Jesus' parables in the eighteenth and nineteenth centuries : William Blake, Søren Kierkegaard, Frederick Douglass, Fanny Crosby, Leo Tolstoy, John Everett Millais, Emily Dickinson, Charles Haddon Spurgeon, Adolf Jülicher -- The afterlives of Jesus' parables in the twentieth and twenty-first centuries : Thomas Hart Benton, Parables and the blues : Rev. Robert Wilkins, Flannery O'Connor, Martin Luther King Jr., Godspell, Two Latin American receptions : The peasants of Solentiname, Elsa Tamez, David Flusser, Octavia Butler, Thich Nhat Hahn -- Conclusion : what do parables want? aSEG42 aSEG41 aSEG40 aSEG39 aP94 aP87 aP86 aP85 aP77 aP76 aP3507aBiblia.pN.T.2gnd0 (DE-588)4041771-207aParábola (literatura)0(DE-588)4075855-22gnd